MDQL
is popping MORE tags! Check the
thread
!
Quizzes
Events
Quiz Creation
Community
Videos
Private Events
Remove Ads
Sign In
Join for FREE
Feedback
Dark Mode
Quiz Categories
Sports
Geography
Music
Movies
Television
Just For Fun
Miscellaneous
History
Literature
Language
Science
Gaming
Entertainment
Religion
Holiday
For Kids
Quiz Lab
Recent
Popular Today
Quiz Kudos Today
Editor Picks
Curator Picks
Quizzes by...
Day
Popularity
Type
Ratings
Length
Year
Community
Subscriptions
Recent Discussions
Orange Saloon
Badges
Playlists
Quests
Create
Leaderboards
Showdown
Live 5
Trivia Bingo
Activity
Puzzle Library
Sporcle Events
Private Events
Virtual Trivia
Globe League
Become a Host
Pub Owners
SporcleCon
Opinionation
Our Games
Videos
Blog
Mobile Apps
Partnerships
Remove Ads and Go Orange
Feedback
Geography
Country
Landmarks
City
State
Population
World
Capital
Continent
Flags
Europe
Africa
Asia
South America
North America
Oceania
Border
Canada
United Kingdom
Topography
United States
Geography
Country
Landmarks
City
State
Population
World
Capital
Continent
Flags
Europe
Africa
Asia
South America
North America
Oceania
Border
Canada
United Kingdom
Topography
United States
Random Quiz
Search Sporcle
×
Quiz Lab
Quiz Lab
Geography
Finland
Type in answers that appear in a list
Type in answers that appear in a list
Classic
Best Score? Go Orange.
Old municipality names in Finland Stats
Can you name old municipality names in Finland
By
Samppapa
10m
47 Questions
35 Plays
35 Plays
35 Plays
Comments
Comments
Give Quiz Kudos
Give Quiz Kudos
-
- Ratings
hide this ad
Forced Order
Answers have to be entered in order
Answers have to be entered in order
Random Order
Randomize order of answers
Randomize order of answers
Replay
Link that replays current quiz
Next Quiz
Link to next quiz in quiz playlist
You Got
0%
They Got
Avg Score
31%
Avg Friend Score
Upgrade to see
Score Distribution
Jump to the score distribution portion of the page
Score
0/47
Timer
10:00
0
Plays Today
Old Name
Name now
% Correct
Helsingin Maalaiskunta/
Helsingfors Landskommun
Vantaa
74.3%
Pieksämä
Pieksämäki
74.3%
Kuhmoniemi
Kuhmo
65.7%
Köökari
Kökar
64.3%
Punkalaitio
Punkalaidun
62.9%
Pohjois-
Pirkkala/
Norra Birkala
Nokia
62.9%
Suonnejoki
Suonenjoki
62.9%
Kemin Maalaiskunta/
Kemi Landskommun
Keminmaa
60%
Lemlanti
Lemland
57.1%
Lumparlanti
Lumparland
57.1%
Porneesi
Pornainen
54.3%
Etelä-
Pirkkala/
Södra Birkala
Pirkkala
54.3%
Muonionniska
Muonio
54.3%
Kumlinki
Kumlinge
53.6%
Ylikannus
Kannus
51.4%
Nikolainkaupunki
Vaasa
48.6%
Koski HL
Hämeenkoski
45.7%
Väståboland/
Länsi-
Turunmaa
Pargas
42.9%
Hammarlanti
Hammarland
42.9%
Hongonjoki
Honkajoki
40%
Jakobstad Landskommun/
Pietarsaaren Maalaiskunta
Pedersöre
40%
Präntiö
Brändö
39.3%
Kuusjärvi
Outokumpu
31.4%
Pyhäsalmi
Pyhäjärvi
31.4%
Old Name
Name now
% Correct
Säräisniemi
Vaala
25.7%
Kuolajärvi
Salla
25.7%
Salo OL
Saloinen
22.9%
Pyhämaan Rohdainen
Pyhäranta
21.4%
Gamlakarleby Landskommun/
Kokkolan Maalaiskunta
Karleby
20%
Prunkkala
Aura
17.1%
Loimaan Maalaiskunta/
Loimaa Landskommun
Loimaan Kunta
17.1%
Lohjan Maalaiskunta/
Lojo Kandskommun
Lohjan Kunta
17.1%
Kristinestad Landskommun/
Kristiinankaupungin Maalaiskunta
Tjöck
17.1%
Turtola
Pello
14.3%
Rohdainen
Pyhäranta
11.4%
Kivimaa
Kustavi
11.4%
Räntämäki
Maaria
10.7%
Ylistaro (Marttila)
Koski TL
10.7%
Ylistaro (Somero)
Somerniemi
10.7%
Haapala
Kerimäki
8.6%
Uusikirkko TL
Kalanti
5.7%
Rutakko
Sonkajärvi
5.7%
Palva
Velkua
3.6%
Nummi
Kaarina
3.6%
Alastaro+Eurainen
Tarvasjoki
0%
Peränkulma
Mellilä
0%
Laitikka
Suomusjärvi
0%
Quiz Playlist
Details
Report
Send in Message
Add To Playlist
Classic:
Type in answers that appear in a list
Forced Order:
Answers have to be entered in order
Random Order:
Randomize order of answers
Last Updated: Feb 16, 2017
Quiz Scoreboard
CHALLENGE
Sign Up to Join the Scoreboard
Show All
Scores
Hide
Comments
May contain spoilers
Recently Published
Colored Red Africa Blitz
by spor1
Geography
30s
Find the 'City' Movie
by crazypaving
Movies
60s
5x2 Blitz: Bands
by SL_Kpop136
Music
30s
More to Explore
Quiz From the Vault
Featured Blog Post
14 Easter Pick-up Lines to Find Eggs With
hide this ad
You Might Also Like...
Tags
Finland
Municipality
name
Today's Top Quizzes in Geography
Browse Geography
hide this ad
Top Contributed Quizzes in Geography
1
Countries of the World - No Outlines Minefield
2
Colored Red Europe Blitz I
3
Colored Red Africa Blitz II
4
Colored Red Europe Blitz II
5
Colored Red Africa Blitz III
6
Colored Red Europe Blitz III
7
African Flag Reveal XLVI
8
Colored Red States Blitz I
9
Colored Red States Blitz II
10
Colored Red States Blitz III
Explore More
Trending Topics
Harry Potter
Crossword
Kpop
NBA
Marvel
Disney
Anime
NFL
Puzzle
Soccer
WWE
Country
Song
Pokémon
The Office
hide this ad
More By:
Samppapa
Quiz
Plays
Rating
Category
Featured
Created
Municipalities of Uusimaa on the map
519
5.00
Geography
Dec 27, 2016
Municipalities of Finland Proper on the map
418
5.00
Geography
Dec 26, 2016
Municipalities of Lapland on the map
388
5.00
Geography
Dec 27, 2016
Municipalities of Pirkanmaa on the map
384
5.00
Geography
Dec 27, 2016
Municipalities of Satakunta on the map
377
5.00
Geography
Jan 1, 2017
Go to Creator's Profile
Score Distribution
Quiz Creator Spotlight
Samppapa
Follow
Send a Message
Quizzes Created
-
Created Quiz Play Count
-
More By This Creator
Popular Quizzes Today
1
Find the 'City' Movie
2
Colored Red Africa Blitz
3
Find the US States - No Outlines Minefield
4
5x2 Blitz: Bands
5
The Countries of the World
6
Find the US States
7
US States
8
9x9 Crossword: Cartoon Network
More Geography Quizzes
Country Pairs Begin/End Letter
Editor's Pick
Trending Quizzes
Colored Red Europe Blitz I
Colored Red Africa Blitz II
Colored Red Europe Blitz II
Colored Red Africa Blitz III
Colored Red Europe Blitz III
Recently Updated
2024 March Madness Bracket
pecheneg
Famous TV Couples
Peacemaker
Champions League XIs: Real Madrid
pecheneg
Largest US Cities 1790-2010
pecheneg
Rides in Walt Disney World
pecheneg
Most Oscar Losses (Acting)
pecheneg
Beyoncé Albums
pecheneg
Leaping Animals
pecheneg
Reality TV Shows (A-Z)
bhenderson79
Rickey Henderson's Hall of Fame Teammates
pecheneg
Trending Topics
Harry Potter
Kpop
Crossword
Marvel
Anime
NBA
Disney
Soccer
NFL
Puzzle
Pokémon
Country
WWE
Song
The Office
Your Account Isn't Verified!
In order to create a playlist on Sporcle, you need to verify the email address you used during registration. Go to your
Sporcle Settings
to finish the process.
Report this User
Report this user for behavior that violates our
Community Guidelines
.
Details:
Send Report
Go to the Sporcle.com Mobile Site →
Comments